Natural disaster: (Record no. 15322)

MARC details
000 -LEADER
fixed length control field 01042nam a22002657a 4500
005 - DATE AND TIME OF LATEST TRANSACTION
control field 2008090307237.0
008 - FIXED-LENGTH DATA ELEMENTS--GENERAL INFORMATION
fixed length control field 080903t xxu||||| |||| 00| 0 eng d
010 ## - LCCN (DPL NO)
LC control number ENG-90900
020 ## - INTERNATIONAL STANDARD BOOK NUMBER
International Standard Book Number 8176488100
Terms of availability 795.00
035 ## - SYSTEM CONTROL NUMBER
System control number EN-74433
037 ## - SOURCE OF ACQUISITION
Source of stock number/acquisition DBAD / PUB
040 ## - CATALOGING SOURCE
Original cataloging agency DPL
Language of cataloging English
082 ## - DEWEY DECIMAL CLASSIFICATION NUMBER
Classification number 363.34
100 ## - MAIN ENTRY--PERSONAL NAME
Personal name
245 ## - TITLE STATEMENT
Title Natural disaster:
Statement of responsibility, etc edited by R.K. Sharma [and] Gagandeep Sharma
Remainder of title institutional building for mitigating the impact on vulnerable sections /
260 ## - PUBLICATION, DISTRIBUTION, ETC. (IMPRINT)
Place of publication, distribution, etc New Delhi
Name of publisher, distributor, etc APH Publishing House
Date of publication, distribution, etc 2009
270 ## - ADDRESS
Address 4435-36/7, Ansari Raod, Darya Ganj,
City New Delhi
Postal code 110002
Telephone number 23274050
300 ## - PHYSICAL DESCRIPTION
Extent xvii, 270p.:
Dimensions 23 cm (Hb)
Other physical details ill.
500 ## - GENERAL NOTE
General note Includes bibliographical references and index
650 ## - SUBJECT ADDED ENTRY--TOPICAL TERM
Topical term or geographic name as entry element Natural disasters
700 ## - ADDED ENTRY--PERSONAL NAME
Personal name Sharma, R.K.
700 ## - ADDED ENTRY--PERSONAL NAME
Personal name Sharma, Gagandeep
942 ## - ADDED ENTRY ELEMENTS (KOHA)
Source of classification or shelving scheme Dewey Decimal Classification
Item type English Books
Call number suffix NAR
Classification part 363.34
Holdings
Withdrawn status Lost status Damaged status Not for loan Collection code Home library Current library Date acquired Cost, normal purchase price Total Checkouts Full call number Barcode Date last seen Copy number Cost, replacement price Koha item type Source of classification or shelving scheme
      Not For Loan Non-fiction D.B.Act.Division D.B.Act.Division 04/09/2008 795.00   363.34 NAR EN-74433 15/09/2008 1 795.00 English Books  
        Non-fiction Sarojini Nagar Sarojini Nagar 10/04/2019     363.34 NAR B-121874 10/04/2019     English Books Dewey Decimal Classification

© Delhi Public Library
Hit Counter
free hit counter